Lois et règles françaises : Mort Subite - Statistiques

Statistiques générales
  • Ce quiz a été pris 56 fois
  • Le résultat moyen est 2 sur 13
Answers on the Grid
Answers color-coded by a green-red scale on the quiz's grid according to % correct below.
Il est interdit d'appeler son cochon "Napoléon"
Les ovnis n'ont pas le droit d'atterrir à Châteauneuf-du-Pape
Il est interdit de donner un prénom étranger à un chien sans l'accord de la mairie
"Les boulangeries ont l'obligation d'afficher le prix de la baguette en vitrine"
Il est interdit d'être nu chez soi si on peut être vu
Il est interdit de vendre de la glace après 22h dans les communes de moins de 5 000 habitants
Les jardineries ont l'obligation de proposer des plantes françaises en priorité
Il est interdit de manger à son bureau au travail
Il est illégal de stationner plus de 48h au même endroit dans Paris
La bière et le vin sont autorisés au travail, pas le champagne
Les supermarchés n'ont pas le droit de jeter leurs invendus alimentaires
Les chauffeurs de taxi ont interdiction de parler politique avec leurs clients
Il est interdit de vendre du pain tranché avant 10h du matin
Le ketchup est interdit dans les cantines scolaires françaises
Les émissions de télévision ne peuvent pas montrer de cigarettes avant 21h
Il est interdit de photographier la Tour Eiffel la nuit
La France autorise légalement le mariage avec une personne décédée
Les radios françaises sont obligées de passer au moins 40% de chansons en français
Il est obligatoire d'avoir une trousse de premiers secours dans son appartement
On peut légalement écrire un chèque sur du papier toilette
Il est interdit de prendre un policier en photo, même en arrière-plan
Il est interdit de faire du vélo avec des écouteurs dans les deux oreilles
Les restaurants sont obligés de proposer un "doggy bag" depuis 2021
 
Statistiques - réponses
Réponse % Correct
Dans les années 50, le maire a émis un arrêté stipulant que le survol, l'atterrissage et le décollage d'aéronefs dits soucoupes volantes sont interdits sous peine de mise en fourrière immédiate Les ovnis n'ont pas le droit d'atterrir à Châteauneuf-du-Pape
57%
L'article 222-32 du code pénal est formel : à partir du moment où l'on peut être vu, il est interdit d'être à poil chez soi. Jusqu'à 15 000 euros d'amende. Il est interdit d'être nu chez soi si on peut être vu
50%
Selon l'article R4228-19, il est interdit de manger en vitesse à son poste de travail sauf dérogation obtenue auprès de l'inspecteur du travail. Il est interdit de manger à son bureau au travail
17%
Les sauces comme le ketchup ne sont pas en libre accès et sont servis uniquement en fonction des plats Le ketchup est interdit dans les cantines scolaires françaises
13%
Depuis 1930, un jugement de la cour d'appel de Paris autorise à faire un chèque avec n'importe quel papier libre. (Hitek) Du moment que toutes les mentions légales y figurent. On peut légalement écrire un chèque sur du papier toilette
13%
La consommation d'alcool sur le lieu de travail est interdite, sauf pour la bière, le vin, le cidre et le poiré. La bière et le vin sont autorisés au travail, pas le champagne
10%
Légal depuis 1959 sous conditions. On peut épouser un mort si le consentement préalable est prouvé La France autorise légalement le mariage avec une personne décédée
10%
Depuis le 1er juillet 2015, l'article R412-6-1 du Code de la Route interdit de porter à l'oreille tout dispositif susceptible d'émettre du son lorsqu'on conduit un véhicule, y compris un vélo Il est interdit de faire du vélo avec des écouteurs dans les deux oreilles
7%
Son éclairage nocturne est considéré comme une œuvre publique qui relève du droit à l'image. Une autorisation est donc nécessaire pour diffuser les clichés. Il est interdit de photographier la Tour Eiffel la nuit
7%
La loi du 1er février 1994 impose aux radios privées de diffuser des quotas d'œuvres et chansons françaises — 40% de chansons d'expression française aux heures d'écoute significatives. Les radios françaises sont obligées de passer au moins 40% de chansons en français
7%
Doggy bag obligatoire en restaurant depuis 2021 Les restaurants sont obligés de proposer un "doggy bag" depuis 2021
7%
Depuis février 2016, les supermarchés de plus de 400 m² n'ont plus le droit de rendre impropres à la consommation des invendus encore consommables. Les supermarchés n'ont pas le droit de jeter leurs invendus alimentaires
7%
Il est interdit de prendre les policiers et leurs véhicules en photo, même s'ils se trouvent en arrière-plan. Il est interdit de prendre un policier en photo, même en arrière-plan
0%
Aucun quiz correspondant
Distribution des résultats
% des personnes avec chaque résultat
Percentile par nombre de réponses
Votre historique - résultats
Vous n’avez pas pris ce quiz